| 000 | 00566nam a2200205 i 4500 | ||
|---|---|---|---|
| 001 | bg | ||
| 100 | 1 | _aDOMINIQUE, Philippe | |
| 245 | 0 |
_aSans Frontieres 2 : _blivre du profeesseur / _cPhilippe Dominque, Anne-Marie Pauleau, Vincent Orssand. |
|
| 260 |
_aParis : _bCLE, _c1989. |
||
| 650 | 9 |
_aJęzyk francuski _xnauczanie |
|
| 700 | 1 | _aPAULEAU, Anne Marie | |
| 700 | 1 | _aORSSAUD, Vincent | |
| 020 | _a2190331919 | ||
| 040 | _cBPK | ||
| 041 | _apol | ||
| 080 | _a811.133.1 | ||
| 920 | _a2-19-033191-9 | ||
| 942 | _cKS | ||
| 008 | s pl f |000 0 pol | ||
| 999 |
_c4386 _d4386 |
||
| 856 |
_uhttp://koha.tu.koszalin.pl/cgi-bin/koha/opac-detail.pl?biblionumber=4386 _yKatalog online BPK |
||